Vocabulaire anglais : arbres, plantes et fleurs - Statistiques

Statistiques générales
  • Ce quiz a été pris 121 fois
    111 depuis la dernière actualisation
  • Le résultat moyen est 16 sur 55
Statistiques - réponses
Français Hint Réponse % Correct
Tournesol S__________ Sunflower
78%
Pissenlit D__________ Dandelion
66%
Blé W__________ Wheat
66%
Lavande L__________ Lavender
64%
Chêne O__________ Oak tree
63%
Paquerette D__________ Daisy
56%
Lys L__________ Lily
56%
Coquelicot P__________ Poppy
52%
Lière I___________ Ivy
42%
Mauvaises herbes W__________ Weeds
42%
Saule pleureur W_________ Weeping willow
42%
Gui M__________ Mistletoe
39%
Avoine O__________ Oats
39%
Jonquille D__________ Daffodil
38%
Houx H__________ Holly
36%
Noyer W__________ Walnut tree
36%
Noisetier H__________ Hazel tree
34%
Pois chiches C__________ Chickpeas
33%
Persil P__________ Parsley
33%
Peuplier P__________ Poplar
33%
Ecorce B__________ Bark
30%
Bouleau B__________ Birch
30%
Orme E__________ Elm
30%
Jacinthe H__________ Hyacinth
30%
Muguet L__________ Lily of the valley
30%
Primevère P__________ Primrose
30%
Brouette W__________ Wheelbarrow
30%
Pivoine P__________ Peony
28%
Hêtre B__________ Beech
27%
Bouton d'or B__________ Buttercup
27%
Sapin F__________ Fir tree
27%
Verger O__________ Orchard
27%
Haie H__________ Hedge
25%
Hortensia H__________ Hydrangea
23%
Pensée P__________ Pansy
23%
Tuyau H__________ Hose
22%
Parterre de fleurs F__________ Flowerbed
20%
Platane P__________ Plane tree
20%
Orge B__________ Barley
19%
Perce-neige S__________ Snowdrop
19%
Aubépine H__________ Hawthorn
17%
Oeillet C__________ Carnation
16%
Bleuet C__________ Cornflower
16%
Seigle R__________ Rye
16%
Tilleul L__________ Lime tree
14%
If Y__________ Yew
14%
Chataigner S__________ Sweet chestnut tree
13%
Fleur fânée W__________ Wilted flower
13%
Composition florale F__________ Floral arrangement
11%
Chèvrefeuille H__________ Honeysuckle
11%
Glaïeul G__________ Gladiolus
8%
Capucine N__________ Nasturtium
8%
Buis B__________ Boxwood
6%
Epeautre S__________ Spelt
5%
Campanule B__________ Bellflower
2%
Aucun quiz correspondant
Distribution des résultats
% des personnes avec chaque résultat
Percentile par nombre de réponses
Votre historique - résultats
Vous n’avez pas pris ce quiz depuis la dernière actualisation